• 首页
  • 本馆介绍
  • 公告通知
  • 最新文献
  • 馆藏检索
  • 电子资源
  • 读者导购
  • 参考咨询
  • 我的图书馆
  • 登录
  • 详细信息显示
  • 放入我的书架
  • 预约/预借图书
  • 作者相关作品
  • 分类相关作品
  • 丛书相关作品
  • 出版社相关作品

书目信息

  • 表格格式
  • 工作单格式
  • 卡片格式
题名:
质子导体固体电解质
    
 
作者: 师瑞娟 著
分册:  
出版信息: 北京   中国书籍出版社  2019
页数: 206页
开本: 24cm
丛书名:
单 册:
中图分类: O646.1
科图分类:
主题词: 质子--zhi zi--导体--固体电解质
电子资源:
ISBN: 978-7-5068-7061-0
000 01597nam0 2200277 450
001 012001002457
005 20140101104948.0
010    @a978-7-5068-7061-0@dCNY58.00
099    @aCAL 012019030986
100    @a20190226d2019 em y0chiy50 ea
101 0  @achi
102    @aCN@b110000
105    @aak a 000yy
106    @ar
200 1  @a质子导体固体电解质@Azhi zi dao ti gu ti dian jie zhi@f师瑞娟著
210    @a北京@c中国书籍出版社@d2019
215    @a206页@c图@d24cm
314    @a师瑞娟,2005年毕业于郑州大学化学系,获得理学硕士学位,2010年7月毕业于中国科学院大连化学物理研究所获得博士学位。随后进入阜阳师范学院化学与材料工程学院,从事教学与科研工作;同时也是环境污染物降解与监测安徽省重点实验室的主要成员。近几年来,一直从事固体电解质材料的合成及中温燃料电池性能方面的研究工作,主持过安徽省教育厅自然科学研究项目和阜阳师范学院优秀青年人才基金项目。近两年内,获得国家授权发明专利1项,以第一作者或通讯作者发表固体电解质材料相关的SCI论文5篇。
320    @a有书目
330    @a本书共分为六个部分:第一部分为燃料电池概述;第二部分为质子导体电解质的制备方法;第三、四部分为铈基钙钛矿电解质材料,第五部分为锆基钙钛矿电解质材料,主要包括它们的结构特征、缺陷化学、掺杂离子的种类、含量及其掺杂位置、烧结助剂、无机盐复合等对电解质性能的影响及在燃料电池中的应用;第六部分为金属有机骨架化合物质子导体。
333    @a本书可作为高等学校无机非金属材料专业学生的研究参考用书,也可供科研部门有关专业的科技人员参考。
606 0  @a质子@Azhi zi@x导体@x固体电解质
690    @aO646.1@v5
701  0 @a师瑞娟@Ashi rui juan@4著
801  0 @aCN@b北京卓展@c20191020
905    @b1203510-3@dO646.1@e43@f4
    
    质子导体固体电解质/师瑞娟著.-北京:中国书籍出版社,2019
    206页:图;24cm
    使用对象:本书可作为高等学校无机非金属材料专业学生的研究参考用书,也可供科研部门有关专业的科技人员参考。
    
    ISBN 978-7-5068-7061-0:CNY58.00
    本书共分为六个部分:第一部分为燃料电池概述;第二部分为质子导体电解质的制备方法;第三、四部分为铈基钙钛矿电解质材料,第五部分为锆基钙钛矿电解质材料,主要包括它们的结构特征、缺陷化学、掺杂离子的种类、含量及其掺杂位置、烧结助剂、无机盐复合等对电解质性能的影响及在燃料电池中的应用;第六部分为金属有机骨架化合物质子导体。
●
相关链接 在E读中查询图书 在五车中查询图书 在当当中查询图书 在豆瓣中查询图书


正题名:质子导体固体电解质     索取号:O646.1/43         预约/预借

序号 登录号 条形码 馆藏地/架位号 状态 备注
1 1203510   212035108   第二样本阅览室/ [索取号:O646.1/43] 在馆    
2 1203511   212035117   第三借阅区/ [索取号:O646.1/43] 在馆    
3 1203512   212035126   第三借阅区/ [索取号:O646.1/43] 在馆    
4 1203513   212035135   第三借阅区/ [索取号:O646.1/43] 在馆    
唐山师范学院图书馆 欢迎您!
大连网信软件有限公司© 版权所有